Wordt geladen...
Theory and principles of education/
| Hoofdauteur: | |
|---|---|
| Formaat: | Printed Book |
| Taal: | English |
| Gepubliceerd in: |
New Delhi:
Anmol Publications Pvt. Ltd.,
2003.
|
| Onderwerpen: |
| LEADER | 00548nam a2200169Ia 4500 | ||
|---|---|---|---|
| 008 | 101008s9999 xx 000 0 eng d | ||
| 020 | |a 978126116590 | ||
| 041 | |a eng | ||
| 082 | |a 370.1 | ||
| 100 | |a Pahuja, N P | ||
| 245 | |a Theory and principles of education/ |c Pahuja, N P | ||
| 260 | |a New Delhi: |b Anmol Publications Pvt. Ltd., |c 2003. | ||
| 300 | |a 285 Pages | ||
| 650 | |a Education | ||
| 942 | |c BK | ||
| 999 | |c 184421 |d 184421 | ||
| 952 | |0 0 |1 0 |2 ddc |4 0 |6 370_100000000000000_PAH_T |7 0 |9 203714 |a EDU |b EDU |c ST1 |d 2010-10-20 |i 6036 |o 370.1 PAH/T |p EDU6036 |r 2019-02-02 |y BK | ||